| 000 | 00647nam a2200169 i 4500 | ||
|---|---|---|---|
| 001 | 151745 | ||
| 003 | ES-MaACL | ||
| 005 | 20251015063134.0 | ||
| 008 | 030421s1875 fr ab |||| | fre d | ||
| 100 | 1 |
_aBeauvoir, Ludovic, _cComte de _926848 |
|
| 245 | 1 | 0 |
_aVoyage autour du monde _b: Australie, Java, Siam, Canton, Pekin, Yeddo, San Francisco / _cpar le Comte de Beauvoir. |
| 260 |
_aParis : _bE. Plon, _c1875. |
||
| 300 |
_a661 p., [2] h. de mapa, [5] h. de mapa pleg., [1] h. plano : _bil. ; _c29 cm. |
||
| 650 | 0 | 4 |
_aViajes alrededor del mundo- _yS.XIX. _9151090 |
| 852 |
_aES-MaACL _jC-106 _z- Enc. tela |
||
| 999 |
_c151745 _d151745 |
||